000 01159nam a2200217Ia 4500
999 _c38944
_d38944
001 5381
003 GE_BSU
005 20190514150402.0
008 181216s1983||||ge |||||||||||||| ||geo||
040 _cGE_BSU
041 _ageo
080 _a69.002.5 ქ-27
100 _aქართველიშვილი, მ.
_91105
245 _aსამშენებლო ინდუსტრიის მექანიკური მოწყობილობის დაგეგმარების საფუძვლები :
_bდამხმ.სახელმძღვ. /
_cმ. ქართველიშვილი ; რედ. მ. ძიძიგური.
264 _aთბილისი :
_bსპი,
_c1983.
300 _a102 გვ. :
_bილ. ;
_c20 სმ.
505 _aბიბლიოგრ. : გვ.100.
653 _aსამშენებლო ინდუსტრიის მექანიკური მოწყობილობის დაგეგმარების საფუძვლები
700 _aძიძიგური, მ.
_eრედაქტორი
_9472
942 _cBK
_2udc